• 首页
  • 本馆介绍
  • 公告通知
  • 最新文献
  • 馆藏检索
  • 电子资源
  • 读者导购
  • 参考咨询
  • 我的图书馆
  • 登录
  • 详细信息显示
  • 放入我的书架
  • 预约/预借图书
  • 作者相关作品
  • 分类相关作品
  • 丛书相关作品
  • 出版社相关作品

书目信息

  • 表格格式
  • 工作单格式
  • 卡片格式
题名:
我们为何在此
    
 
作者: 霍金 著 ;香港科技大学 译
分册:  
出版信息: 天津   天津科学技术出版社  2019
页数: 144页
开本: 21cm
丛书名:
单 册:
中图分类: P159-49 , K835.616.14=6
科图分类:
主题词: 宇宙学--普及读物
电子资源:
ISBN: 978-7-5576-6686-6
000 01249nam0 2200289 450
001 2146787989
005 20210104130001.95
010    @a978-7-5576-6686-6@b精装@dCNY49.00
100    @a20190911d2019 em y0chiy50 ea
101 1  @achi@ceng
102    @aCN@b120000
105    @aa z 000yd
200 1  @a我们为何在此@9wo men wei he zai ci@b专著@e霍金香港首次讲演@f(英)史蒂芬·霍金等著@g香港科技大学译
210    @a天津@c天津科学技术出版社@d2019
215    @a144页@c图,照片@d21cm
305    @a由商务印书馆(香港)有限公司及香港科技大学公共事务处共同授权出版
306    @a本书限中国大陆发行
330    @a本书收录已故著名物理学家史蒂芬·霍金的演讲和问答全文,以及作为霍金演讲前奏、提供背景知识的几场公众讲座的内容,让读者了解霍金的宇宙观。特别收录霍金女儿露西·霍金的专访,大谈父亲的为人、如何思考、如何看待自己的残疾等。
517 1  @a霍金香港首次讲演@9huo jin xiang gang shou ci jiang yan
600  0 @a霍金@c(Hawking, Stephen@f1942-2018)@x生平事迹@j普及读物
606 0  @a宇宙学@j普及读物
690    @aP159-49@v5
690    @aK835.616.14=6@v5
701  0 @c(英)@a霍金@9huo jin@c(Hawking, Stephen@f1942-2018)@4著
712 02 @a香港科技大学@9xiang gang ke ji da xue@4译
801  2 @aCN@b58marc.cn@c20190918
905    @aZUCC@dP159-49@e2
    
    我们为何在此:霍金香港首次讲演/(英)史蒂芬·霍金等著/香港科技大学译.-天津:天津科学技术出版社,2019
    144页:图,照片;21cm
    
    
    ISBN 978-7-5576-6686-6(精装):CNY49.00
    本书收录已故著名物理学家史蒂芬·霍金的演讲和问答全文,以及作为霍金演讲前奏、提供背景知识的几场公众讲座的内容,让读者了解霍金的宇宙观。特别收录霍金女儿露西·霍金的专访,大谈父亲的为人、如何思考、如何看待自己的残疾等。
●
相关链接 在五车中查询图书 在当当中查询图书 在豆瓣中查询图书


正题名:我们为何在此     索取号:P159-49/2         预约/预借

序号 登录号 条形码 馆藏地/架位号 状态 备注
1 2000877455   2000877455   第二书库/ [索取号:P159-49/2] 在馆    
2 2000877456   2000877456   第二书库/ [索取号:P159-49/2] 在馆    
3 2000877457   2000877457   第二书库/ [索取号:P159-49/2] 在馆    
山东省滨州职业学院图书馆 欢迎您!
大连网信软件有限公司© 版权所有